[Event "Le Touquet op 26th"]
[Site "Le Touquet"]
[Date "2011.10.25"]
[Round "5"]
[White "Dumas, Victor"]
[Black "Kieffer, Christian"]
[Result "1/2-1/2"]
[WhiteElo "1965"]
[BlackElo "2137"]
[PlyCount "114"]
[EventDate "2011.10.22"]
[EventType "swiss"]
[EventRounds "9"]
[EventCountry "FRA"]
[SourceTitle "EXT 2012"]
[Source "ChessBase"]
[SourceDate "2011.11.24"]
[SourceVersion "1"]
[SourceVersionDate "2011.11.24"]
[SourceQuality "1"]

1. e4 c6 2. d4 g6 3. Bd3 Bg7 4. Ne2 d6 5. 0-0 e5 6. Be3 Nf6 7. h3 0-0 8. c4 exd4 9. Bxd4 Nbd7 10. Nd2 Nc5 11. Qc2 a5 12. Bxc5 dxc5 13. e5 Ne8 14. f4 b6 15. Nf3 f5 16. Rad1 Qc7 17. Kh1 Bh6 18. Qc3 Be6 19. Rd2 Rd8 20. Rfd1 Rf7 21. Bc2 Rxd2 22. Rxd2 Rd7 23. Rxd7 Qxd7 24. Qd3 Qf7 25. b3 Qc7 26. g3 Bf8 27. Kg2 Ng7 28. Ng5 Bc8 29. Nc3 h6 30. Nf3 Be6 31. Nh4 Bf7 32. g4 Be7 33. Nf3 Qc8 34. gxf5 gxf5 35. Ne2 Be6 36. Ng3 Qe8 37. Kh2 Qg6 38. Ng1 h5 39. Qf3 h4 40. N3e2 Bf7 41. Qg2 Qxg2+ 42. Kxg2 b5 43. Bd3 b4 44. Kf3 Bh5+ 45. Ke3 Kf7 46. Bc2 Kg6 47. Bd3 Ne6 48. Bb1 Ng7 49. Bc2 Kf7 50. Bb1 Ke6 51. Bc2 Bf8 52. Nf3 Be7 53. Nfg1 Ne8 54. Bb1 Nc7 55. Bd3 Na8 56. Nc1 Nb6 57. Be2 Bxe2 1/2-1/2

[Event "FRA-chT1 1011"]
[Site "France"]
[Date "2010.11.13"]
[Round "2.5"]
[White "Kieffer, Christian"]
[Black "Gosset, Arnaud"]
[Result "0-1"]
[WhiteElo "2143"]
[BlackElo "2211"]
[PlyCount "74"]
[EventDate "2010.10.17"]
[EventType "team-tourn"]
[EventRounds "11"]
[EventCountry "FRA"]
[SourceTitle "EXT 2012"]
[Source "ChessBase"]
[SourceDate "2011.11.24"]
[SourceVersion "1"]
[SourceVersionDate "2011.11.24"]
[SourceQuality "1"]

1. e4 c5 2. Nf3 e6 3. Qe2 Nf6 4. e5 Nd5 5. c4 Nb4 6. d3 d6 7. a3 N4c6 8. exd6 Bxd6 9. Nc3 0-0 10. g3 e5 11. Bg2 Nd4 12. Qd1 Bg4 13. h3 Bh5 14. g4 Bg6 15. Nxd4 exd4 16. Ne4 f5 17. Bg5 Be7 18. gxf5 Rxf5 19. Bxe7 Qxe7 20. Qg4 Nc6 21. 0-0-0 Raf8 22. Rd2 Ne5 23. Qg3 Rf3 24. Bxf3 Rxf3 25. Qg5 Nxd3+ 26. Rxd3 Qxg5+ 27. Nxg5 Rxd3 28. Re1 h6 29. Ne6 Rf3 30. Nxc5 Rxf2 31. Re6 Kh7 32. b3 b6 33. Nd7 d3 34. Rd6 Rc2+ 35. Kd1 Bh5+ 36. Ke1 Re2+ 37. Kf1 d2 0-1

[Event "Le Touquet op-A 24th"]
[Site "Le Touquet"]
[Date "2009.10.29"]
[Round "8"]
[White "Grover, Sahaj"]
[Black "Kieffer, Christian"]
[Result "1-0"]
[WhiteElo "2288"]
[BlackElo "2109"]
[PlyCount "49"]
[EventDate "2009.10.24"]
[EventType "swiss"]
[EventRounds "9"]
[EventCountry "FRA"]
[SourceTitle "EXT 2010"]
[Source "ChessBase"]
[SourceDate "2010.11.25"]
[SourceVersion "1"]
[SourceVersionDate "2010.11.25"]
[SourceQuality "1"]

1. e4 c5 2. Nf3 Nc6 3. Bb5 Nf6 4. Nc3 Qc7 5. Qe2 e5 6. Nd5 Nxd5 7. exd5 Nd4 8. Nxd4 cxd4 9. f4 Bd6 10. Bd3 0-0 11. f5 e4 12. Bxe4 Bxh2 13. Qh5 Bg3+ 14. Kd1 h6 15. f6 Qe5 16. Qf3 d3 17. Bxd3 Re8 18. c3 d6 19. Kc2 Bd7 20. b3 b5 21. Bb2 Rac8 22. Raf1 Rc5 23. Rh5 g5 24. Rxh6 Rxd5 25. Rh8+ 1-0

[Event "Le Touquet op-A 24th"]
[Site "Le Touquet"]
[Date "2009.10.26"]
[Round "4"]
[White "Kieffer, Christian"]
[Black "Melnikova, Yana"]
[Result "1-0"]
[WhiteElo "2109"]
[BlackElo "2288"]
[PlyCount "67"]
[EventDate "2009.10.24"]
[EventType "swiss"]
[EventRounds "9"]
[EventCountry "FRA"]
[SourceTitle "EXT 2010"]
[Source "ChessBase"]
[SourceDate "2010.11.25"]
[SourceVersion "1"]
[SourceVersionDate "2010.11.25"]
[SourceQuality "1"]

1. e4 c5 2. Nf3 Nc6 3. Nc3 d6 4. d4 cxd4 5. Nxd4 Nf6 6. Bc4 Qb6 7. Nxc6 bxc6 8. 0-0 g6 9. Qe1 Qc7 10. f4 Bg7 11. e5 Nd5 12. exd6 Qxd6 13. Ne4 Qc7 14. c3 0-0 15. Kh1 a5 16. Qf2 Ba6 17. Bxa6 Rxa6 18. f5 a4 19. Bd2 Qb6 20. Qh4 c5 21. fxg6 fxg6 22. Bh6 Raa8 23. Ng5 Rxf1+ 24. Rxf1 Bf6 25. Qc4 Rd8 26. Ne4 Kh8 27. h3 Qxb2 28. Nxf6 exf6 29. Rd1 Qb7 30. Qxc5 Qa8 31. c4 Nc3 32. Re1 Ne4 33. Qc7 Rg8 34. Qf4 1-0

[Event "FRA-chT2 0910"]
[Site "France"]
[Date "2009.10.04"]
[Round "1.5"]
[White "Rouze, Xavier"]
[Black "Kieffer, Christian"]
[Result "1/2-1/2"]
[WhiteElo "2039"]
[BlackElo "2120"]
[PlyCount "156"]
[EventDate "2009.09.27"]
[EventType "team-tourn"]
[EventRounds "11"]
[EventCountry "FRA"]
[SourceTitle "EXT 2011"]
[Source "ChessBase"]
[SourceDate "2010.11.26"]
[SourceVersion "1"]
[SourceVersionDate "2010.11.26"]
[SourceQuality "1"]

1. Nf3 c5 2. c4 Nc6 3. Nc3 g6 4. g3 Bg7 5. Bg2 e5 6. d3 Nge7 7. Nd5 d6 8. Bg5 h6 9. Bf6 0-0 10. Nd2 Bxf6 11. Nxf6+ Kg7 12. Nd5 Nxd5 13. cxd5 Ne7 14. 0-0 Nf5 15. a4 b6 16. Nc4 Qe7 17. b4 cxb4 18. a5 b5 19. Nd2 Bd7 20. e3 a6 21. Qb3 Rfc8 22. Qxb4 Rc2 23. Rfc1 Rac8 24. Rxc2 Rxc2 25. Ne4 h5 26. Nc3 Qf6 27. Rf1 Qd8 28. Qb3 Rd2 29. Ne4 Qxa5 30. Nxd2 Qxd2 31. Rd1 Qe2 32. Bf1 Qg4 33. Ra1 Nh4 34. Bg2 Nxg2 35. Kxg2 Qh3+ 36. Kg1 Bg4 37. f4 h4 38. Qb2 hxg3 39. hxg3 Qxg3+ 40. Qg2 Qxe3+ 41. Kh2 Qxf4+ 42. Qg3 Qd2+ 43. Kg1 Bf5 44. Rxa6 Qc1+ 45. Kh2 Qc5 46. d4 Qxd5 47. dxe5 Qxe5 48. Rxd6 Qxg3+ 49. Kxg3 Be6 50. Rb6 Bc4 51. Kf4 Kh6 52. Rc6 Kh5 53. Rc5+ Kh4 54. Rg5 Bd3 55. Rg2 Bf5 56. Rb2 Bd7 57. Rg2 b4 58. Rb2 g5+ 59. Kf3 Bc6+ 60. Kf2 f5 61. Rxb4+ Be4 62. Rb3 Kg4 63. Rb8 Kf4 64. Re8 Kg4 65. Re7 Kf4 66. Re8 g4 67. Rg8 Bf3 68. Rg7 Ke5 69. Rg8 Bd5 70. Rg5 Kf6 71. Rh5 Bf7 72. Rh8 f4 73. Rc8 Bd5 74. Rc3 Be4 75. Ra3 Kg5 76. Ra5+ Kh4 77. Ra4 g3+ 78. Kg1 Bd3 1/2-1/2

[Event "FRA-chT2 North 0809"]
[Site "France"]
[Date "2009.04.04"]
[Round "10.5"]
[White "Delaruelle, Christian"]
[Black "Kieffer, Christian"]
[Result "0-1"]
[WhiteElo "1918"]
[BlackElo "2093"]
[PlyCount "74"]
[EventDate "2008.10.19"]
[EventType "team-tourn"]
[EventRounds "11"]
[EventCountry "FRA"]
[SourceTitle "EXT 2010"]
[Source "ChessBase"]
[SourceDate "2010.11.25"]
[SourceVersion "1"]
[SourceVersionDate "2010.11.25"]
[SourceQuality "1"]
[WhiteTeam "Gonfreville II"]
[BlackTeam "Le Touquet"]
[WhiteTeamCountry "FRA"]
[BlackTeamCountry "FRA"]

1. e4 c5 2. Nf3 Nc6 3. c3 d6 4. d4 Nf6 5. Be2 g6 6. 0-0 Bg7 7. d5 Nb8 8. Bg5 0-0 9. Nbd2 Na6 10. Re1 Nc7 11. Bf1 Bg4 12. h3 Bxf3 13. Nxf3 Nd7 14. e5 Nxe5 15. Nxe5 Bxe5 16. Bxe7 Qxe7 17. f4 f6 18. Qb3 b5 19. fxe5 fxe5 20. c4 bxc4 21. Bxc4 Rab8 22. Qc3 Ne8 23. Re2 Ng7 24. Rae1 Qh4 25. b3 Nf5 26. Qb2 Nd4 27. Re4 Qg3 28. R1e3 Nf3+ 29. Rxf3 Rxf3 30. Qe2 Rbf8 31. Rg4 Rf1+ 32. Qxf1 Rxf1+ 33. Bxf1 Qe3+ 34. Kh2 e4 35. g3 Qf2+ 36. Bg2 e3 37. Rf4 Qxf4 0-1

[Event "FRA-chT2 North 0809"]
[Site "France"]
[Date "2008.11.23"]
[Round "3.5"]
[White "Kieffer, Christian"]
[Black "Carton, Camille"]
[Result "1-0"]
[WhiteElo "2093"]
[BlackElo "2229"]
[PlyCount "69"]
[EventDate "2008.10.19"]
[EventType "team-tourn"]
[EventRounds "11"]
[EventCountry "FRA"]
[SourceTitle "EXT 2010"]
[Source "ChessBase"]
[SourceDate "2010.11.25"]
[SourceVersion "1"]
[SourceVersionDate "2010.11.25"]
[SourceQuality "1"]
[WhiteTeam "Le Touquet"]
[BlackTeam "Noyon II"]
[WhiteTeamCountry "FRA"]
[BlackTeamCountry "FRA"]

1. e4 e6 2. Nf3 d5 3. e5 c5 4. b4 cxb4 5. a3 Nc6 6. axb4 Bxb4 7. c3 Be7 8. d4 Bd7 9. Bd3 f5 10. h4 Rc8 11. g4 Qb6 12. gxf5 exf5 13. 0-0 Nd8 14. Kh1 Nh6 15. Ng5 0-0 16. Bf4 Ne6 17. Nxe6 Qxe6 18. Rxa7 Qb6 19. Ra2 Be8 20. Bg5 Bxg5 21. hxg5 Qg6 22. f4 Nf7 23. Rh2 h6 24. Rg1 hxg5 25. fxg5 Nh8 26. Qf3 Bd7 27. Qh3 Kf7 28. Qf3 Ke7 29. e6 Bxe6 30. Re1 Kd7 31. Bb5+ Rc6 32. Rhe2 Nf7 33. Rxe6 Rh8+ 34. Kg2 Qh7 35. Qxd5+ 1-0

[Event "FRA-ch op-A"]
[Site "Pau"]
[Date "2008.08.19"]
[Round "7"]
[White "Beaucoudray, Marc"]
[Black "Kieffer, Christian"]
[Result "1/2-1/2"]
[WhiteElo "2010"]
[BlackElo "2148"]
[PlyCount "107"]
[EventDate "2008.08.11"]
[EventType "swiss"]
[EventRounds "9"]
[EventCountry "FRA"]
[SourceTitle "CBM 126 Extra"]
[Source "ChessBase"]
[SourceDate "2008.11.05"]
[SourceVersion "1"]
[SourceVersionDate "2008.11.05"]
[SourceQuality "1"]

1. e4 c5 2. Nf3 Nc6 3. d4 cxd4 4. Nxd4 e5 5. Nb5 d6 6. N1c3 a6 7. Na3 b5 8. Nd5 Nge7 9. c3 Nxd5 10. exd5 Ne7 11. g3 g6 12. Bg2 Bg7 13. Nc2 Bd7 14. 0-0 0-0 15. f4 Nf5 16. Kh1 Re8 17. Qd3 a5 18. Bd2 Rc8 19. Rab1 h5 20. Be4 Rc4 21. b3 Rxe4 22. Qxe4 exf4 23. Qxf4 Re2 24. Rbe1 Be5 25. Rxe2 Bxf4 26. Bxf4 Qc8 27. Rf3 Qc5 28. Rd3 Kg7 29. Ne3 Nh6 30. Rf2 Nf5 31. Nxf5+ Bxf5 32. Be3 Qc7 33. Bd4+ Kh6 34. Re3 Qb7 35. c4 bxc4 36. bxc4 Be4+ 37. Kg1 g5 38. Rb2 Qc7 39. Rc3 h4 40. Bb6 Qe7 41. Bxa5 Qa7+ 42. Bb6 Qa4 43. Be3 Kh5 44. Rd2 Qb4 45. Rc1 Qa3 46. Re1 f5 47. c5 f4 48. gxf4 gxf4 49. Bxf4 Qxc5+ 50. Be3 Qc3 51. Bf4 Qf3 52. Bxd6 Qh1+ 53. Kf2 Qf3+ 54. Kg1 1/2-1/2

[Event "FRA-chT2 Nord 0708"]
[Site "France"]
[Date "2008.02.10"]
[Round "7.4"]
[White "Kieffer, Christian"]
[Black "Sintive, Xavier"]
[Result "0-1"]
[WhiteElo "2185"]
[BlackElo "1944"]
[PlyCount "95"]
[EventDate "2007.10.21"]
[EventType "team"]
[EventRounds "11"]
[EventCountry "FRA"]
[SourceTitle "EXT 2009"]
[Source "ChessBase"]
[SourceDate "2008.11.26"]
[SourceVersion "1"]
[SourceVersionDate "2008.11.26"]
[SourceQuality "1"]
[WhiteTeam "Le Touquet"]
[BlackTeam "Arras"]
[WhiteTeamCountry "FRA"]
[BlackTeamCountry "FRA"]

1. e4 c5 2. Nf3 Nc6 3. Nc3 d6 4. Bc4 Nf6 5. d4 cxd4 6. Nxd4 g6 7. Nxc6 bxc6 8. e5 Ng4 9. e6 f5 10. Bf4 Qb6 11. 0-0 Bg7 12. h3 Nf6 13. Re1 d5 14. Bb3 0-0 15. Na4 Qb4 16. Be3 Ne4 17. c3 Qa5 18. f3 Nd6 19. Bd4 Qc7 20. Nc5 Nb7 21. Bxg7 Kxg7 22. Qd4+ Rf6 23. Nxb7 Bxb7 24. Qc5 Qb6 25. Qxb6 axb6 26. c4 dxc4 27. Bxc4 Rd8 28. Re2 Rd4 29. Bb3 Rf8 30. Rc1 Rfd8 31. Kf2 c5 32. Rc4 Ba6 33. Rxd4 Rxd4 34. Re1 Rd2+ 35. Kg1 c4 36. Bd1 Rxb2 37. Be2 Rxa2 38. g4 f4 39. g5 b5 40. Bf1 Ra3 41. Kf2 Bb7 42. Bg2 Ra2+ 43. Kf1 c3 44. Rc1 b4 45. h4 Ba6+ 46. Kg1 Bc4 47. Bh3 Rd2 48. Ra1 0-1

[Event "Le Touquet op 22nd"]
[Site "Le Touquet"]
[Date "2007.10.29"]
[Round "3"]
[White "Kieffer, Christian"]
[Black "Pauwels, Rudi"]
[Result "1-0"]
[WhiteElo "2161"]
[BlackElo "1993"]
[PlyCount "97"]
[EventDate "2007.10.27"]
[EventType "swiss"]
[EventRounds "9"]
[EventCountry "FRA"]
[SourceTitle "EXT 2008"]
[Source "ChessBase"]
[SourceDate "2007.11.25"]
[SourceVersion "1"]
[SourceVersionDate "2007.11.25"]
[SourceQuality "1"]

1. Nf3 d5 2. c4 c6 3. g3 Nf6 4. Bg2 Bg4 5. cxd5 cxd5 6. Ne5 Bd7 7. d4 Nc6 8. Nc3 e6 9. 0-0 Qb6 10. Nxd7 Nxd7 11. e4 Qxd4 12. exd5 Qxd1 13. Rxd1 exd5 14. Re1+ Kd8 15. Nxd5 Nd4 16. Bf4 Ne6 17. Red1 Rc8 18. Bh3 Rc6 19. Nc7 Ke7 20. Nxe6 fxe6 21. Rac1 Nf6 22. Rxc6 bxc6 23. Rd6 Nd5 24. Rxe6+ Kf7 25. Bd2 Bb4 26. Bxb4 Nxb4 27. a3 Nd3 28. Rxc6 Nxb2 29. Rc7+ Kf6 30. Rxa7 Rd8 31. Bg4 Rd2 32. Kf1 Nc4 33. Be2 Ne5 34. f4 Nf7 35. Ke1 Rb2 36. a4 Rb1+ 37. Kd2 Rb2+ 38. Ke1 Rb1+ 39. Kf2 Rb2 40. a5 Nd8 41. Rd7 Ne6 42. a6 Ra2 43. a7 Nc5 44. Rc7 Ne6 45. Rc6 Rxa7 46. Bg4 Ra2+ 47. Kg1 Ra1+ 48. Kg2 Ra2+ 49. Kh3 1-0

[Event "Le Touquet op 22nd"]
[Site "Le Touquet"]
[Date "2007.10.29"]
[Round "4"]
[White "Marzolo, Cyril"]
[Black "Kieffer, Christian"]
[Result "1-0"]
[WhiteElo "2478"]
[BlackElo "2161"]
[PlyCount "55"]
[EventDate "2007.10.27"]
[EventType "swiss"]
[EventRounds "9"]
[EventCountry "FRA"]
[SourceTitle "EXT 2008"]
[Source "ChessBase"]
[SourceDate "2007.11.25"]
[SourceVersion "1"]
[SourceVersionDate "2007.11.25"]
[SourceQuality "1"]

1. d4 g6 2. c4 Bg7 3. e4 d6 4. Nc3 Nf6 5. Nf3 0-0 6. Be2 Na6 7. 0-0 c6 8. Be3 e5 9. Re1 Ng4 10. Bg5 f6 11. Bh4 g5 12. Bg3 Nh6 13. h3 Qe7 14. c5 dxc5 15. Bxa6 bxa6 16. d5 Rb8 17. dxc6 Rxb2 18. Nd5 Qf7 19. Qc1 Rb8 20. Qxc5 Be6 21. Rab1 Nf5 22. Rxb8 Rxb8 23. Bxe5 Rb5 24. Qc3 fxe5 25. Nxg5 Qe8 26. Nxe6 Qxe6 27. exf5 Qxd5 28. c7 1-0

[Event "Le Touquet op"]
[Site "Le Touquet"]
[Date "2006.11.02"]
[Round "8"]
[White "Pauwels, Rudi"]
[Black "Kieffer, Christian"]
[Result "0-1"]
[WhiteElo "1986"]
[BlackElo "2162"]
[PlyCount "82"]
[EventDate "2006.10.28"]
[EventType "swiss"]
[EventRounds "9"]
[EventCountry "FRA"]
[SourceTitle "EXT 2007"]
[Source "ChessBase"]
[SourceDate "2006.11.23"]
[SourceVersion "1"]
[SourceVersionDate "2006.11.23"]
[SourceQuality "1"]

1. d4 Nf6 2. Nf3 g6 3. Nc3 d5 4. Bf4 c6 5. e3 Bg4 6. Be2 Bxf3 7. Bxf3 Nbd7 8. e4 dxe4 9. Nxe4 Nxe4 10. Bxe4 Nf6 11. Bf3 Bg7 12. Be5 0-0 13. 0-0 e6 14. Qd2 Qb6 15. Rab1 Rfd8 16. c3 Nd7 17. Bxg7 Kxg7 18. Qf4 Qa5 19. a3 e5 20. dxe5 Qxe5 21. Qb4 Qc7 22. Rbd1 Ne5 23. Be4 a5 24. Qb3 f5 25. Bb1 Qf7 26. Qxf7+ Kxf7 27. h3 Kf6 28. Ba2 f4 29. Rfe1 Rxd1 30. Rxd1 Ke7 31. Rd4 g5 32. Kf1 Rf8 33. Re4 Kf6 34. h4 h6 35. Rd4 Ke7 36. Re4 Kd6 37. Rd4+ Kc7 38. Re4 Nd3 39. hxg5 hxg5 40. Bb3 Nc5 41. Re7+ Kd6 0-1

[Event "Le Touquet op"]
[Site "Le Touquet"]
[Date "2006.11.01"]
[Round "7"]
[White "Kieffer, Christian"]
[Black "Wlogalski, Olivier"]
[Result "0-1"]
[WhiteElo "2162"]
[BlackElo "2015"]
[PlyCount "69"]
[EventDate "2006.10.28"]
[EventType "swiss"]
[EventRounds "9"]
[EventCountry "FRA"]
[SourceTitle "EXT 2007"]
[Source "ChessBase"]
[SourceDate "2006.11.23"]
[SourceVersion "1"]
[SourceVersionDate "2006.11.23"]
[SourceQuality "1"]

1. e4 e6 2. Nf3 d5 3. e5 c5 4. b4 cxb4 5. a3 Qa5 6. Bb2 Bd7 7. Bd3 Qb6 8. Bd4 Bc5 9. Bxc5 Qxc5 10. axb4 Qxb4 11. Nc3 Qe7 12. Qb1 Bc6 13. Nb5 Bxb5 14. Qxb5+ Qd7 15. 0-0 Nc6 16. Rfb1 Rb8 17. Qa4 Nge7 18. Qg4 g6 19. Qf4 0-0 20. g4 Qc7 21. Ra4 Nc8 22. Re1 Nb6 23. Ra3 f6 24. Qg3 Qe7 25. h3 Qxa3 26. exf6 Rxf6 27. g5 Rf7 28. Rxe6 Qf8 29. Nh4 Re8 30. Nxg6 hxg6 31. Rxg6+ Rg7 32. Rh6 Ne5 33. f4 Nxd3 34. cxd3 Qf5 35. Rf6 0-1

[Event "Le Touquet op"]
[Site "Le Touquet"]
[Date "2006.10.28"]
[Round "1"]
[White "Kieffer, Christian"]
[Black "Zimmerman, Yuri"]
[Result "0-1"]
[WhiteElo "2162"]
[BlackElo "2360"]
[PlyCount "50"]
[EventDate "2006.10.28"]
[EventType "swiss"]
[EventRounds "9"]
[EventCountry "FRA"]
[SourceTitle "EXT 2007"]
[Source "ChessBase"]
[SourceDate "2006.11.23"]
[SourceVersion "1"]
[SourceVersionDate "2006.11.23"]
[SourceQuality "1"]

1. e4 d6 2. d4 Nf6 3. Nc3 g6 4. Nf3 Bg7 5. Be3 c6 6. h3 0-0 7. Qd2 Nbd7 8. 0-0-0 b5 9. Bd3 b4 10. Ne2 Qa5 11. Kb1 c5 12. Ng3 Nb6 13. b3 Bb7 14. Bh6 c4 15. Nf5 gxf5 16. Qg5 Ne8 17. g4 f6 18. Qh5 cxd3 19. cxd3 Bxh6 20. gxf5 Bg7 21. Rhg1 Bd5 22. Rg2 Bxb3 23. axb3 Qa3 24. Nd2 Na4 25. bxa4 b3 0-1

[Event "Cappelle op 22nd"]
[Site "Cappelle la Grande"]
[Date "2006.02.22"]
[Round "6"]
[White "Peng, Zhaoqin"]
[Black "Kieffer, Christian"]
[Result "0-1"]
[WhiteElo "2407"]
[BlackElo "2183"]
[PlyCount "108"]
[EventDate "2006.02.18"]
[EventType "swiss"]
[EventRounds "10"]
[EventCountry "FRA"]
[SourceTitle "CBM 110 Extra"]
[Source "ChessBase"]
[SourceDate "2006.03.10"]
[SourceVersion "2"]
[SourceVersionDate "2006.03.10"]
[SourceQuality "1"]

1. d4 g6 2. c4 Nf6 3. Nc3 Bg7 4. e4 d6 5. Be2 0-0 6. Bg5 c5 7. dxc5 Qa5 8. Qd2 dxc5 9. Nf3 Nc6 10. 0-0 Bg4 11. Qf4 Bxf3 12. Bxf3 Nd7 13. Bh6 Nde5 14. Bxg7 Kxg7 15. Be2 Qb4 16. Rab1 e6 17. Rfc1 Rad8 18. Bf1 Rd7 19. Nd5 Qa5 20. Qf6+ Kg8 21. Rc3 Qd8 22. Qf4 f6 23. Ne3 Rd4 24. Qg3 Rxe4 25. f4 Nf7 26. Bd3 Nd6 27. Qh3 f5 28. Bxe4 Nxe4 29. Rd1 Nd4 30. Ra3 Qb6 31. Rb3 Nxb3 32. axb3 Rd8 33. Qf3 Rd4 34. Nc2 Rxd1+ 35. Qxd1 Qd6 36. Qxd6 Nxd6 37. Kf2 Ne4+ 38. Ke3 a5 39. Ne1 Kf7 40. Nd3 Ke7 41. g4 b6 42. g5 Nd6 43. h4 Nf7 44. Nc1 Nd8 45. Ne2 Nc6 46. Nc3 Kd7 47. Nb5 Nd4 48. Nxd4 cxd4+ 49. Kd3 Kc6 50. Kxd4 Kd6 51. Kc3 e5 52. fxe5+ Kxe5 53. b4 axb4+ 54. Kxb4 Kd4 0-1

[Event "Fenain op 8th"]
[Site "Fenain "]
[Date "2006.02.11"]
[Round "1"]
[White "Kieffer, Christian"]
[Black "Labbe, Regis"]
[Result "1/2-1/2"]
[WhiteElo "2183"]
[BlackElo "1900"]
[PlyCount "127"]
[EventDate "2006.02.11"]
[EventType "swiss"]
[EventRounds "7"]
[EventCountry "FRA"]
[SourceTitle "EXT 2008"]
[Source "ChessBase"]
[SourceDate "2007.11.25"]
[SourceVersion "1"]
[SourceVersionDate "2007.11.25"]
[SourceQuality "1"]

1. e4 e6 2. Nf3 d5 3. e5 c5 4. b4 cxb4 5. a3 Nc6 6. axb4 Bxb4 7. c3 Ba5 8. d4 Nge7 9. Bd3 Bd7 10. h4 Rc8 11. Bd2 a6 12. Rh3 Na7 13. h5 Bb5 14. Bc2 Qc7 15. Nh4 Qc4 16. Bd3 Qc7 17. Bxb5+ Nxb5 18. Rxa5 Qxa5 19. c4 Qb6 20. cxb5 Qxb5 21. Rb3 Qd7 22. Rg3 Rg8 23. Rb3 Nc6 24. Nf3 Ke7 25. Kf1 b5 26. h6 gxh6 27. Bxh6 Rg6 28. Bg5+ Ke8 29. Bf6 Ne7 30. Nh4 Rg8 31. Nd2 Qc7 32. Qh5 Qc1+ 33. Ke2 Ng6 34. Nxg6 Rxg6 35. Rb1 Qc2 36. Qxh7 Rxg2 37. Qxc2 Rxc2 38. Ra1 Rc6 39. Kf3 Rh2 40. Kg3 Rh6 41. f3 Rg6+ 42. Kf4 Rg2 43. Nb3 b4 44. Nc5 Rb6 45. Nxa6 b3 46. Nc5 Rb8 47. Rh1 Rg8 48. Rb1 b2 49. Bg5 Rb4 50. Kg4 Rxd4+ 51. f4 Rb4 52. Nd3 Rb3 53. Nxb2 Kd7 54. Ra1 Rxb2 55. Ra7+ Kc6 56. Rxf7 Re8 57. Kf3 Rb7 58. Rf6 Rd7 59. f5 d4 60. Rxe6+ Rxe6 61. fxe6 Rg7 62. Bf6 Rg8 63. Ke4 Kc5 64. e7 1/2-1/2